000 00551nam a2200205Ia 4500
003 OSt
005 20220615153429.0
008 210423s2010 xx 000 0 und d
020 _a9788126523870
040 _cAL
041 _aeng
082 _a547.59 LIJI
100 _aLI (Jie-Jack);COREY (E J).
_942886
245 _aName reactions in heterocyclic chemistry.
260 _aNew Delhi
_bWiley India Pvt Ltd
_c2010
300 _axix,558
_bPB
365 _b849
_cINR
906 _achemistry. ; heterocyclic ; Name ; reactions
942 _2ddc
_cBK
999 _c154822
_d154822